Umweltsponsoring Erfahrungsberichte von Unternehmen und Verbänden

Gespeichert in:
Bibliographische Detailangaben
Weitere Verfasser: Zillessen, Renate, Rahmel, Dieter
Format: Buch
Sprache:Deutsch
Veröffentlicht: Frankfurt am Main Frankfurter Allgemeine Zeitung 1991
Ausgabe:1. Aufl.
Schlagworte:
Tags: Tag hinzufügen
Keine Tags, Fügen Sie das erste Tag hinzu!

MARC

LEADER 00000nam a2200000 4500
001 c006261
005 20221206115007.1
020 |a 3-409-19156-9 
041 0 |a ger 
044 |a DE 
245 1 0 |a Umweltsponsoring  |b Erfahrungsberichte von Unternehmen und Verbänden  |c Edit. Renate Zillessen, Dieter Rahmel 
250 |a 1. Aufl. 
264 1 |a Frankfurt am Main  |b Frankfurter Allgemeine Zeitung  |c 1991 
300 |a 263 s. 
610 2 0 |a prostredie životné 
610 2 0 |a sponzorovanie 
610 2 0 |a nadácie 
610 2 0 |a ekológia 
610 2 0 |a ochrana prostredia životného 
610 2 0 |a spolupráca vedecká medzinárodná 
610 2 0 |a WWF 
610 2 0 |a Nemecko 
610 2 0 |a Greenpeace 
700 1 |a Zillessen, Renate 
700 1 |a Rahmel, Dieter